000 00752nam a2200229 i 4500
001 185827
003 SpMaBN
005 20230906222527.0
008 160812s1974 ve |||| |dspa d
080 _a821.134.2(82) Borges, Jorge Luis 1.07
100 1 _aSucre, Guillermo.
_9160466
245 1 0 _aBorges, el poeta
_b: ensayo /
_cGuillermo Sucre.
250 _a2ª ed. corr. y aum.
260 _aCaracas :
_bMonte Ávila,
_c1974.
300 _a157 p. ;
_c18 cm.
490 1 _aColección letra viva
504 _aBibliografía: p. 155-157.
600 1 7 _aBorges, Jorge Luis-
_xCrítica e interpretación.
_930461
830 0 _aColección letra viva
_9225280
852 _aES-MaACL
_jL-30544
_z. - Donat. Miguel A. Velasco
999 _c185827
_d185827